Pomocný súpis novín a časopisov v reči nemeckej, latinskej a hebrejskej na Slovensku do r. 1918

Krátka informácia o zostavení pomocného súpisu spracovanom M. Potemrom uvádza excerpované pramene a rozsah 233 titulov časopisov

Bibliographic Details
Format: Article
Language:Slovak
Subjects:
Online Access:plný text

MARC

LEADER 00000nab a2200000 4500
001 vtls008693482
003 SK-MaSNL
005 20260303073850.0
008 140301 1955 xo p 000 0 slo
015 |a SNBRRBDKK190120XX 
035 |a CLAS02vtls000013097 
040 |a SNKBUDKK  |b slo  |c SNKBUDKK  |e a 
041 0 |a slo 
044 |a xo  |c SK 
080 |a 014.3  |x (437.6)  |2 1997 
080 |a 070  |x (437.6)  |2 1997 
245 0 0 |a Pomocný súpis novín a časopisov v reči nemeckej, latinskej a hebrejskej na Slovensku do r. 1918  |c J. K. 
500 |a Rubrika: Knižné novinky 
520 2 |a Krátka informácia o zostavení pomocného súpisu spracovanom M. Potemrom uvádza excerpované pramene a rozsah 233 titulov časopisov 
650 0 7 |a serály  |x bibliografie  |x pomocné súpisy  |x informácie  |2 SNKBUDKK  |9 1076091 
773 0 |t Knižnica : časopis pre knižnú kultúru  |g Roč. 7, č. 2 (1955), s. 84 
787 0 8 |i Rec.:  |a Potemra, Michal  |t Pomocný súpis novín a časopisov v reči nemeckej, latinskej a hebrejskej na Slovensku do r. 1918  |d Košice : ŠVK, 1954 
850 |a SNK 
852 |a SNK  |b KIS3GCP 
856 4 1 |u http://www.viks.sk/dkk/kniznica1955_84.doc  |y plný text 
910 |a bdkk  |a memoriask 
999 |c 1769421  |d 1771351